000
00319nam a2200133Ia 4500
005
20251222153543.0
008
251222s9999||||xx |||||||||||||| ||spa||
082
_a
616.852.6/A59
100
_a
Andrier, Nathalie
245
0
_a
Derecho de las Mujeres:
250
_a
1ra.ed.
264
_b
JurÃdica Grijley
942
_c
LIB
999
_c
30525
_d
30525